<?xml version="1.0" encoding="UTF-8"?><marc:collection xmlns:marc="http://www.loc.gov/MARC21/slim">
  <marc:record>
    <marc:leader>00000nam##2200000za#4500</marc:leader>
    <marc:controlfield tag="001">9.680158</marc:controlfield>
    <marc:controlfield tag="003">CaOODSP</marc:controlfield>
    <marc:controlfield tag="005">20200330063205</marc:controlfield>
    <marc:controlfield tag="007">ta</marc:controlfield>
    <marc:controlfield tag="008">150407|1997||||xxc|||||     f|0| 0 fre|d</marc:controlfield>
    <marc:datafield tag="020" ind1=" " ind2=" ">
      <marc:subfield code="z">0-660-95685-3</marc:subfield>
    </marc:datafield>
    <marc:datafield tag="040" ind1=" " ind2=" ">
      <marc:subfield code="a">CaOODSP</marc:subfield>
      <marc:subfield code="b">fre</marc:subfield>
    </marc:datafield>
    <marc:datafield tag="043" ind1=" " ind2=" ">
      <marc:subfield code="a">n-cn---</marc:subfield>
    </marc:datafield>
    <marc:datafield tag="086" ind1="1" ind2=" ">
      <marc:subfield code="a">CP32-65/1997F</marc:subfield>
    </marc:datafield>
    <marc:datafield tag="110" ind1="1" ind2=" ">
      <marc:subfield code="a">Canada. </marc:subfield>
      <marc:subfield code="b">Commission d'enquête sur le déploiement des Forces canadiennes en Somalie.</marc:subfield>
    </marc:datafield>
    <marc:datafield tag="245" ind1="1" ind2="3">
      <marc:subfield code="a">Un héritage déshonoré: les leçons de l'affaire somalienne : </marc:subfield>
      <marc:subfield code="b">rapport de la Commission d'enquête sur le déploiement des Forces canadiennes en Somalie / </marc:subfield>
      <marc:subfield code="c">Président: Gilles Létourneau. </marc:subfield>
    </marc:datafield>
    <marc:datafield tag="260" ind1=" " ind2=" ">
      <marc:subfield code="a">Ottawa - Ontario : </marc:subfield>
      <marc:subfield code="b">Commission d'enquête sur le déploiement des Forces canadiennes en Somalie </marc:subfield>
      <marc:subfield code="c">1997.</marc:subfield>
    </marc:datafield>
    <marc:datafield tag="300" ind1=" " ind2=" ">
      <marc:subfield code="a">5 vols. xxxix, 1872p. : </marc:subfield>
      <marc:subfield code="b">figures, cartes, organigramme, références ; </marc:subfield>
      <marc:subfield code="c">25 cm. + </marc:subfield>
      <marc:subfield code="e">Sommaire.</marc:subfield>
    </marc:datafield>
    <marc:datafield tag="500" ind1=" " ind2=" ">
      <marc:subfield code="a">En 5 volumes.</marc:subfield>
    </marc:datafield>
    <marc:datafield tag="520" ind1="3" ind2=" ">
      <marc:subfield code="a">Gilles Létourneau. Cette série en cinq volumes présente le Rapport de la Commission d'enquête sur le déploiement des Forces canadiennes en Somalie. Le volume 1 présente l'approche adoptée par la Commission. Le volume 2 traite des thèmes du leadership, de la responsabilité et la chaîne de commandement. Le volume 3 examine le processus de planification de la mission en vue du déploiement en Somalie. Le volume 4 présente les résultats de la Commission sur l'inconduite individuelle des officiers en cause. Le volume 5, enfin, inclut une analyse approfondie de l'incident survenu le 4 mars 1993 et de ses retombées légales. La série examine en détail une question litigieuse dans l'histoire militaire canadienne. Le rapport comprend des figures, des cartes, des organigrammes, une bibliographie et une série exhaustive de recommandations.</marc:subfield>
    </marc:datafield>
    <marc:datafield tag="563" ind1=" " ind2=" ">
      <marc:subfield code="a">Couverture souple</marc:subfield>
    </marc:datafield>
    <marc:datafield tag="590" ind1=" " ind2=" ">
      <marc:subfield code="a">97-30</marc:subfield>
      <marc:subfield code="b">1997-07-25</marc:subfield>
    </marc:datafield>
    <marc:datafield tag="691" ind1="0" ind2="7">
      <marc:subfield code="a">Armée</marc:subfield>
      <marc:subfield code="2">gcpds</marc:subfield>
    </marc:datafield>
    <marc:datafield tag="720" ind1="1" ind2=" ">
      <marc:subfield code="a">Létourneau, Gilles</marc:subfield>
    </marc:datafield>
    <marc:datafield tag="775" ind1="0" ind2="8">
      <marc:subfield code="t">Dishonoured legacy: the lessons of the Somalia Affair : </marc:subfield>
      <marc:subfield code="w">(CaOODSP)9.646634</marc:subfield>
    </marc:datafield>
    <marc:datafield tag="776" ind1="0" ind2="#">
      <marc:subfield code="t">Un héritage déshonoré </marc:subfield>
      <marc:subfield code="w">(CaOODSP)9.644263</marc:subfield>
    </marc:datafield>
  </marc:record>
</marc:collection>
